IV. Zborník dejín fyziky CESDEF '86 : 25.8.-27.8.1986 : Liptovský Mikuláš

Bibliographic Details
Corporate Author: Dejiny fyziky Liptovský Mikuláš, Slovensko (Author)
Other Authors: Chrapan, Ján, 1936-2016 (Compiler), Vodilová, Alena (Compiler), Zajac, Rudolf, 1923-2009 (Compiler)
Format: Conference Proceeding Book
Language:Slovak
Czech
PhysicalDescription:133 strán sch. 21 cm
Published: Liptovský Mikuláš Vysoká vojenská technická škola - ČSSP 1987
Edition:1. vyd.
Subjects:

MARC

LEADER 00000cam a2200000 a 4500
001 vtls001331263
003 SK-MaSNL
005 20260301235710.0
008 240226s1987 xo frn 100 0 slo
015 |a SNBA1997 
020 |q (brožované) 
035 |a SNK000284142 
035 |a urn:nbn:sk:snk-am3hawm 
035 |a 49FE233C-36CB-415B-8657-30615D95EC3D 
035 |a urn:nbn:sk:snk-am005bk5 
040 |a SNK  |b slo  |c SNK  |e AACR2 
041 0 |a slo  |a cze 
044 |a xo  |c SK 
072 7 |a 53  |x Fyzika  |2 konspekt 
080 |a 53  |2 2011 
080 |a 53(091)  |2 2011 
080 |a (062.534)  |2 2011 
111 2 |a Dejiny fyziky  |n (4. :  |d 1986 :  |c Liptovský Mikuláš, Slovensko)  |4 aut  |9 633285 
245 1 0 |a IV. Zborník dejín fyziky  |b CESDEF '86 : 25.8.-27.8.1986 : Liptovský Mikuláš  |c [zostavili: Chrapan, J., Vodilová, A., Zajac, R.] 
246 3 |a Štvrtý zborník dejín fyziky 
250 |a 1. vyd. 
260 |a Liptovský Mikuláš  |b Vysoká vojenská technická škola - ČSSP  |c 1987 
300 |a 133 strán  |b sch.  |c 21 cm 
366 |e 120 výt. 
504 |a Bibliografia na strane 116-132 
546 |a Čiastočný text v češtine 
650 0 7 |a fyzika  |2 SNKPH  |9 816 
650 0 7 |a dejiny fyziky  |2 SNKPH  |9 112214 
655 7 |a zborníky konferencií  |2 SNKPH  |9 70153 
700 1 |a Chrapan, Ján,  |d 1936-2016  |4 com  |9 253890 
700 1 |a Vodilová, Alena  |4 com  |9 93868 
700 1 |a Zajac, Rudolf,  |d 1923-2009  |4 com  |9 210932 
710 2 |a Vysoká vojenská technická škola Československo-sovietskeho priateľstva v Liptovskom Mikuláši  |4 pbl  |9 52975 
710 2 |a Jednota slovenských matematikov a fyzikov.  |b Pobočka Žilina  |4 pbl  |9 151169 
710 2 |a Slovenská spoločnosť pre dejiny vied a techniky  |4 pbl  |9 97519 
954 |a odborná, vedecká literatúra pôvodná (slovenská)  |2 lita 
958 |a NB 
958 |a TL 
958 |a OND 
999 |c 976236  |d 978166 
952 |a SNK  |b SNK  |y VYP  |7 0  |p 17A0140012  |o snkSC 78828/4 D1  |i snkD 823/91  |8 1  |0 0  |1 0  |4 0  |d 1998-05-15  |f 1  |l 0  |r 2005-01-02 00:00:00  |w 2026-02-24 
952 |a SNK  |b SNK  |y PREZ  |7 0  |p 17A0966781  |o snkSC 78828/4  |i snkD 822/91  |8 1  |0 0  |1 0  |4 0  |d 2012-08-09  |l 0  |r 2026-02-24 11:05:08  |w 2026-02-24